000 00342nam a2200133Ia 4500
008 240624s9999 xx 000 0 und d
041 _aeng
082 _a659.1 JON
100 _aJONES JOHN PHILIP
245 _aADVERTISING BUSINESS OPERATIONS CREATIVI
260 _c1999
_aNew Delhi
_bSage Publications
300 _a560 : p.
365 _c
_b30
999 _c17353
_d17353